Features on Drake Albums - Statistics

General Stats
  • This quiz has been taken 164 times
  • The average score is 53 of 84
Answer Stats
Song Answer % Correct
Grammys Future
93%
Desires Future
93%
D4L Future
93%
Way 2 Sexy Future
93%
N 2 Deep Future
93%
Company Travis Scott
93%
Travis Scott
93%
Fair Trade Travis Scott
93%
Knife Talk 21 Savage
92%
Jimmy Cooks 21 Savage
92%
Calling For You 21 Savage
92%
Take Care Rihanna
88%
Too Good Rihanna
88%
The Real Her Lil Wayne
87%
HYFR (Hell Ya Fucking Right) Lil Wayne
87%
The Motto Lil Wayne
87%
Used To Lil Wayne
87%
You Only Live Twice Lil Wayne
87%
Slime You Out SZA
86%
SZA
86%
Crew Love The Weeknd
85%
Jodeci Freestyle J. Cole
84%
First Person Shooter J. Cole
84%
Buried Alive Interlude Kendrick Lamar
83%
Pound Cake / Paris Morton Music 2 Jay-Z
81%
Talk Up Jay-Z
81%
Love All Jay-Z
81%
Pain 1993 Playboi Carti
79%
Girls Want Girls Lil Baby
78%
Preach PARTYNEXTDOOR
78%
Wednesday Night Interlude PARTYNEXTDOOR
78%
With You PARTYNEXTDOOR
78%
Since Way Back PARTYNEXTDOOR
78%
Members Only PARTYNEXTDOOR
78%
_____'s Heartbreak Yebba
77%
IDGAF Yeat
76%
Lord Knows Rick Ross
72%
Free Spirit Rick Ross
72%
Rick Ross
72%
Portland Quavo
71%
Young Thug
70%
Ice Melts Young Thug
70%
Young Thug
70%
Young Thug
70%
Glow Kanye West
68%
Chicago Freestyle Giveon
63%
Giveon
63%
Make Me Proud Nicki Minaj
63%
Rich Baby Daddy Sexyy Red
63%
Not You Too Chris Brown
60%
IMY2 Kid Cudi
55%
Another Late Night Lil Yachty
54%
Hold On, We're Going Home Majid Jordan
54%
Summers Over Interlude Majid Jordan
54%
Too Much Sampha
54%
4422 Sampha
54%
From Time Jhené Aiko
53%
In The Bible Lil Durk
53%
One Dance Wizkid
53%
Don't Matter To Me Michael Jackson
51%
Fountains Tems
48%
All Me 2 Chainz
46%
Sacrifices 2 Chainz
46%
Andrè 3000
46%
Gently Bad Bunny
46%
All The Parties Chief Keef
46%
We'll Be Fine Birdman
41%
Amen Teezo Touchdown
39%
Big Sean
38%
No Long Talk Giggs
38%
KMT Giggs
38%
Project Pat
38%
Ty Dolla $ign
38%
Get Along Better Ty Dolla $ign
38%
Jorja Smith
37%
Kyla
30%
Demons Fivio Foreign
28%
Get It Together Black Coffee
21%
Faithful dvsn
16%
Pimp C
16%
After Dark Static Major
14%
305 To My City Detail
13%
Girls Love Beyoncé James Fauntleroy
9%
Sosa Geek
8%
No matching quizzes found
Score Distribution
Percent of People with Each Score
Percentile by Number Answered
Your Score History
You have not taken this quiz